[Event "25th Klatovy B 2017"]
[Site "Klatovy CZE"]
[Date "2017.07.04"]
[Round "4.21"]
[White "Hosnedl, Matyas"]
[Black "Jesensky, Jaromir"]
[Result "1-0"]
[WhiteElo "1739"]
[BlackElo "1552"]
[PlyCount "43"]
[EventDate "2017.07.01"]
[EventType "swiss"]
[EventRounds "9"]
[EventCountry "CZE"]

1. e4 d6 2. d4 Nf6 3. Nc3 g6 4. f4 Bg7 5. Nf3 O-O 6. Bc4 Nxe4 7. Bxf7+ Rxf7 8. Nxe4 Bg4 9. O-O Rf8 10. h3 Bf5 11. Ng3 Nd7 12. Be3 c6 13. Nxf5 Rxf5 14. Qd3 e5 15. dxe5 dxe5 16. Ng5 Qe7 17. Rad1 Nf6 18. g4 e4 19. Nxe4 Rd5 20. Nxf6+ Bxf6 21. Qb3 b6 22. Rxd5 1-0

[Event "25th Klatovy B 2017"]
[Site "Klatovy CZE"]
[Date "2017.07.04"]
[Round "4.22"]
[White "Soukup, Jiri1"]
[Black "Merinsky, Vaclav"]
[Result "0-1"]
[WhiteElo "1640"]
[BlackElo "1439"]
[PlyCount "100"]
[EventDate "2017.07.01"]
[EventType "swiss"]
[EventRounds "9"]
[EventCountry "CZE"]

1. e4 e5 2. Nf3 Nc6 3. Bc4 Bc5 4. Nc3 d6 5. d3 Nf6 6. Bg5 h6 7. Be3 Bb6 8. Qd2 Be6 9. Bb3 Qe7 10. O-O-O O-O-O 11. Bxb6 axb6 12. Rhe1 Bxb3 13. axb3 Rhe8 14. Nh4 d5 15. Nf5 Qf8 16. Qe2 d4 17. Nb5 g6 18. Ng3 Kd7 19. Qd2 Ra8 20. Na3 Rxa3 21. c3 dxc3 22. Qxc3 Ra1+ 23. Kc2 Rxd1 24. Kxd1 Ra8 25. Ke2 Qb4 26. Rd1 Nd4+ 27. Kf1 Qxc3 28. bxc3 Nxb3 29. d4 Ra1 30. Rxa1 Nxa1 31. dxe5 Ng4 32. f4 Nxh2+ 33. Ke2 Ng4 34. Kd3 Nb3 35. Ke2 Nc5 36. Kf3 h5 37. Ne2 Nd3 38. Nd4 c6 39. g3 Nc5 40. Nc2 Nb3 41. Ke2 Nh6 42. Ne3 b5 43. Kd3 b6 44. f5 Ng4 45. Nxg4 hxg4 46. Ke3 Nc5 47. Kf4 Nd3+ 48. Kxg4 Nxe5+ 49. Kf4 Kd6 50. g4 c5 0-1

[Event "25th Klatovy B 2017"]
[Site "Klatovy CZE"]
[Date "2017.07.04"]
[Round "4.23"]
[White "Rerabek, Jaroslav"]
[Black "Nagy, Ladislav"]
[Result "0-1"]
[WhiteElo "1721"]
[BlackElo "1000"]
[PlyCount "36"]
[EventDate "2017.07.01"]
[EventType "swiss"]
[EventRounds "9"]
[EventCountry "CZE"]

1. e4 c5 2. Nf3 d6 3. c3 Nf6 4. Bd3 Nc6 5. Bc2 d5 6. exd5 Qxd5 7. h3 Ne5 8. Nxe5 Qxe5+ 9. Qe2 Qxe2+ 10. Kxe2 b6 11. Re1 Ba6+ 12. d3 g6 13. Kf1 Bg7 14. Kg1 e6 15. Bg5 Rd8 16. Rd1 O-O 17. a3 Rd5 18. c4 Rxg5 0-1

[Event "25th Klatovy B 2017"]
[Site "Klatovy CZE"]
[Date "2017.07.04"]
[Round "4.24"]
[White "Kovar, Petr2"]
[Black "Vasko, Pavel"]
[Result "0-1"]
[WhiteElo "1990"]
[BlackElo "1578"]
[PlyCount "66"]
[EventDate "2017.07.01"]
[EventType "swiss"]
[EventRounds "9"]
[EventCountry "CZE"]

1. d4 Nf6 2. Bf4 e6 3. Nf3 d5 4. e3 Bd6 5. Bg3 O-O 6. Bd3 h6 7. Nbd2 c5 8. c3 c4 9. Bc2 b5 10. Ne5 Bb7 11. f4 a5 12. O-O b4 13. f5 Bc8 14. fxe6 Bxe6 15. e4 Qc7 16. Qf3 Ra6 17. Rae1 Rb6 18. Qe3 bxc3 19. bxc3 Rb2 20. Bb1 a4 21. Rxf6 gxf6 22. exd5 Rxb1 23. Nxb1 Bxd5 24. Ng4 Be6 25. Nxf6+ Kg7 26. Be5 Bxe5 27. dxe5 Bf5 28. Nh5+ Kh7 29. Nd2 Nd7 30. Nf3 Re8 31. Qf4 Bg6 32. Ng3 f6 33. e6 Qxf4 0-1

[Event "25th Klatovy B 2017"]
[Site "Klatovy CZE"]
[Date "2017.07.04"]
[Round "4.25"]
[White "Vachal, Josef1"]
[Black "Flajsman, Petr"]
[Result "1/2-1/2"]
[WhiteElo "1872"]
[BlackElo "1567"]
[PlyCount "62"]
[EventDate "2017.07.01"]
[EventType "swiss"]
[EventRounds "9"]
[EventCountry "CZE"]

1. e4 d5 2. exd5 Nf6 3. c4 c6 4. dxc6 Nxc6 5. Nf3 Bg4 6. Be2 e6 7. O-O Qc7 8. d4 Rd8 9. Be3 Bd6 10. h3 Bf5 11. Nc3 a6 12. Rc1 Bf4 13. Qa4 Bxe3 14. fxe3 Qg3 15. Rf2 Bxh3 16. Ne5 Bxg2 17. Rxg2 Qxe3+ 18. Kh2 Qxc1 19. Nxc6 bxc6 20. Qxc6+ Kf8 21. Qc5+ Kg8 22. d5 Qf4+ 23. Kg1 Qc1+ 24. Kh2 exd5 25. cxd5 Nxd5 26. Bc4 Qf4+ 27. Rg3 Nxc3 28. bxc3 Rd2+ 29. Kh3 Qh6+ 30. Kg4 Qg6+ 31. Kh3 Qh6+ 1/2-1/2

[Event "25th Klatovy B 2017"]
[Site "Klatovy CZE"]
[Date "2017.07.04"]
[Round "4.26"]
[White "Vavrinkova, Anna"]
[Black "Haderka, Karel"]
[Result "1-0"]
[WhiteElo "1452"]
[BlackElo "1825"]
[PlyCount "53"]
[EventDate "2017.07.01"]
[EventType "swiss"]
[EventRounds "9"]
[EventCountry "CZE"]

1. e4 e6 2. d4 d5 3. Nd2 dxe4 4. Nxe4 Nf6 5. Ng3 Nc6 6. c3 Be7 7. Nf3 Bd7 8. Bc4 O-O 9. O-O Nd5 10. Re1 f5 11. Qc2 Kh8 12. Re2 Rf6 13. Bg5 Rg6 14. Bxe7 Ndxe7 15. Rae1 Nd5 16. Bxd5 exd5 17. Nxf5 Qf6 18. Ng3 Rf8 19. Qb3 h5 20. Qxd5 Bg4 21. Re3 h4 22. Ne4 Qf4 23. Nxh4 Rh6 24. g3 Qf7 25. Qxf7 Rxf7 26. Ng5 Rf8 27. Re8 1-0

[Event "25th Klatovy B 2017"]
[Site "Klatovy CZE"]
[Date "2017.07.04"]
[Round "4.27"]
[White "Ostry, Michal"]
[Black "Sindelar, Jan"]
[Result "1/2-1/2"]
[WhiteElo "1743"]
[BlackElo "1395"]
[PlyCount "74"]
[EventDate "2017.07.01"]
[EventType "swiss"]
[EventRounds "9"]
[EventCountry "CZE"]

1. e4 c6 2. d4 d5 3. e5 Bf5 4. Bd3 Bxd3 5. Qxd3 e6 6. f4 Nh6 7. Nf3 Qb6 8. O-O c5 9. c3 Nc6 10. h3 Nf5 11. g4 Ng3 12. Rd1 Ne4 13. f5 cxd4 14. cxd4 Rc8 15. a3 Na5 16. b4 Nc4 17. Nbd2 Nexd2 18. Nxd2 Nxe5 19. Qe3 Nc4 20. Nxc4 Rxc4 21. fxe6 fxe6 22. Qe5 Kd7 23. Bf4 Qd6 24. Qe3 Qb6 25. Be5 Qd8 26. Rf1 Qe8 27. Rf3 Qg6 28. Raf1 Be7 29. Rf7 Rg8 30. Qb3 Qc2 31. Qxc2 Rxc2 32. Bxg7 Ke8 33. Be5 h5 34. Rh7 hxg4 35. hxg4 Rxg4+ 36. Kh1 Rg8 37. Rff7 Rc1+ 1/2-1/2

[Event "25th Klatovy B 2017"]
[Site "Klatovy CZE"]
[Date "2017.07.04"]
[Round "4.28"]
[White "Stvan, Marek"]
[Black "Svec, Ludek"]
[Result "0-1"]
[WhiteElo "1663"]
[BlackElo "1723"]
[PlyCount "102"]
[EventDate "2017.07.01"]
[EventType "swiss"]
[EventRounds "9"]
[EventCountry "CZE"]

1. e4 c5 2. Nf3 e6 3. b3 Nf6 4. Nc3 Nc6 5. Bb5 Nd4 6. O-O a6 7. Bd3 g6 8. Bb2 Bg7 9. Rb1 O-O 10. h3 d6 11. Re1 Nd7 12. Bf1 b5 13. Nxd4 Bxd4 14. Ne2 Bxb2 15. Rxb2 Bb7 16. d3 f5 17. Nc3 Qf6 18. Qd2 b4 19. Nd1 d5 20. exd5 Bxd5 21. Rb1 f4 22. f3 Qg5 23. Qe2 e5 24. Nf2 h5 25. Ne4 Qh4 26. Qf2 Qxf2+ 27. Kxf2 a5 28. Ra1 a4 29. Red1 Rfb8 30. Be2 h4 31. Ke1 Rb6 32. c4 Bc6 33. Rab1 Rba6 34. Rb2 axb3 35. axb3 Ra1 36. Kd2 Rxd1+ 37. Bxd1 Bxe4 38. dxe4 Nb8 39. Kc1 Nc6 40. Kb1 Ra3 41. Ra2 Kf8 42. Rxa3 bxa3 43. Ka2 Nb4+ 44. Kxa3 Ke7 45. Ka4 Kd6 46. Kb5 Na2 47. Bc2 Nb4 48. Bb1 g5 49. Kb6 Nc6 50. Bc2 Nd4 51. Bd1 Nc6 0-1

[Event "25th Klatovy B 2017"]
[Site "Klatovy CZE"]
[Date "2017.07.04"]
[Round "4.29"]
[White "Celovsky, Jan"]
[Black "Svanda, Adam"]
[Result "0-1"]
[WhiteElo "1387"]
[BlackElo "1699"]
[PlyCount "56"]
[EventDate "2017.07.01"]
[EventType "swiss"]
[EventRounds "9"]
[EventCountry "CZE"]

1. e4 d5 2. exd5 Qxd5 3. Nc3 Qa5 4. d3 Nf6 5. Nf3 c6 6. Be2 Bf5 7. Bf4 e6 8. O-O Bb4 9. Rb1 O-O 10. Bd2 Nbd7 11. a3 Bxc3 12. Bxc3 Qc7 13. Nh4 Bg6 14. Nxg6 hxg6 15. Bb4 c5 16. Bc3 Nd5 17. Bd2 Rac8 18. c4 Ne7 19. Be3 Nf5 20. Qd2 Rfd8 21. b4 b6 22. Bg4 Nxe3 23. Qxe3 Ne5 24. Be2 Rd4 25. Rfd1 Rcd8 26. Rb3 Nxc4 27. Qf3 Ne5 28. Qg3 Qd6 0-1

[Event "25th Klatovy B 2017"]
[Site "Klatovy CZE"]
[Date "2017.07.04"]
[Round "4.30"]
[White "Stanke, Petr"]
[Black "Kovar, Vaclav 1953"]
[Result "0-1"]
[WhiteElo "1284"]
[BlackElo "1650"]
[PlyCount "48"]
[EventDate "2017.07.01"]
[EventType "swiss"]
[EventRounds "9"]
[EventCountry "CZE"]

1. e4 e5 2. Nf3 Nc6 3. d4 exd4 4. Bc4 Be7 5. Nxd4 d6 6. Nc3 Nf6 7. O-O O-O 8. b3 Ne5 9. Qe2 c6 10. Nf3 Bg4 11. Bf4 Nxf3+ 12. gxf3 Bh3 13. Rfe1 Nh5 14. Bg3 Bf6 15. Qe3 b5 16. Bf1 Bxf1 17. Kxf1 b4 18. e5 Nxg3+ 19. fxg3 Bxe5 20. Ne4 Bxa1 21. Rxa1 Re8 22. Qd4 d5 23. Nc5 h6 24. Kf2 Qe7 0-1

[Event "25th Klatovy B 2017"]
[Site "Klatovy CZE"]
[Date "2017.07.04"]
[Round "4.31"]
[White "Vavrousek, Petr"]
[Black "Janous, Marek"]
[Result "0-1"]
[WhiteElo "1686"]
[BlackElo "1168"]
[PlyCount "36"]
[EventDate "2017.07.01"]
[EventType "swiss"]
[EventRounds "9"]
[EventCountry "CZE"]

1. e4 c5 2. Nf3 g6 3. d4 cxd4 4. Nxd4 Bg7 5. Bc4 Nc6 6. Be3 Nf6 7. Nxc6 bxc6 8. e5 Qa5+ 9. Nc3 Qxe5 10. O-O d5 11. Bb3 Ng4 12. g3 Nxe3 13. fxe3 Qxe3+ 14. Kg2 Bxc3 15. bxc3 Bf5 16. h3 O-O 17. Re1 Be4+ 18. Kh2 Qf2# 0-1

[Event "25th Klatovy B 2017"]
[Site "Klatovy CZE"]
[Date "2017.07.04"]
[Round "4.32"]
[White "Fekete, Frantisek 1941"]
[Black "Kubat, Ladislav"]
[Result "1-0"]
[WhiteElo "1678"]
[BlackElo "1482"]
[PlyCount "51"]
[EventDate "2017.07.01"]
[EventType "swiss"]
[EventRounds "9"]
[EventCountry "CZE"]

1. e4 e5 2. Nf3 d6 3. d4 Nd7 4. Bc4 Be7 5. O-O c6 6. a4 Ngf6 7. Nc3 O-O 8. Bb3 b6 9. Qe2 Qc7 10. Rd1 Bb7 11. Bg5 Rad8 12. Qc4 exd4 13. Nxd4 Ne5 14. Qe2 Rfe8 15. f4 Ng6 16. Nf5 h6 17. Bxf6 Bxf6 18. Qh5 Nxf4 19. Qg4 Bg5 20. h4 Bc8 21. hxg5 Bxf5 22. exf5 hxg5 23. Qxg5 d5 24. Rf1 Ne2+ 25. Nxe2 Rxe2 26. f6 1-0

[Event "25th Klatovy B 2017"]
[Site "Klatovy CZE"]
[Date "2017.07.04"]
[Round "4.33"]
[White "Ruzicka, Filip1"]
[Black "Chmelik, Benedikt"]
[Result "1-0"]
[WhiteElo "1644"]
[BlackElo "1432"]
[PlyCount "70"]
[EventDate "2017.07.01"]
[EventType "swiss"]
[EventRounds "9"]
[EventCountry "CZE"]

1. e4 e6 2. d4 d5 3. e5 c5 4. c3 Nc6 5. Nf3 Bd7 6. Be2 a6 7. a3 b5 8. b4 c4 9. O-O Be7 10. Nbd2 f6 11. Bb2 Qc7 12. exf6 Nxf6 13. Ng5 g6 14. f4 h6 15. Nh3 O-O-O 16. a4 Kb7 17. Nb1 Rdf8 18. Na3 Na7 19. axb5 Nxb5 20. Bf3 Bd6 21. Qe2 g5 22. Nxc4 Bxf4 23. Nxf4 gxf4 24. Ne5 Rhg8 25. c4 Na7 26. cxd5 Nxd5 27. Qxa6+ Kb8 28. Nxd7+ Qxd7 29. Bxd5 exd5 30. Qb6+ Ka8 31. Rxa7+ Qxa7 32. Ra1 Rf7 33. Qc6+ Kb8 34. Rxa7 Rxa7 35. Qd6+ Kc8 1-0

[Event "25th Klatovy B 2017"]
[Site "Klatovy CZE"]
[Date "2017.07.04"]
[Round "4.34"]
[White "Vavrinkova, Jitka"]
[Black "Novotny, Jaromir"]
[Result "1/2-1/2"]
[WhiteElo "1676"]
[BlackElo "1394"]
[PlyCount "57"]
[EventDate "2017.07.01"]
[EventType "swiss"]
[EventRounds "9"]
[EventCountry "CZE"]

1. e4 c5 2. Nf3 g6 3. c3 Bg7 4. d4 cxd4 5. cxd4 Nf6 6. Nc3 d6 7. Bb5+ Nfd7 8. O-O O-O 9. Re1 Nb6 10. d5 Bg4 11. h3 Bxf3 12. Qxf3 N8d7 13. Bf4 a6 14. Bxd7 Nxd7 15. Rac1 Rc8 16. b4 f5 17. Bd2 Rc4 18. exf5 Rxf5 19. Qe2 Rxb4 20. Qxe7 Qxe7 21. Rxe7 Nc5 22. Rce1 Re5 23. R7xe5 Bxe5 24. Rb1 Bxc3 25. Rxb4 Bxd2 26. Rb6 Bf4 27. g3 Be5 28. f4 Bd4+ 29. Kg2 1/2-1/2

[Event "25th Klatovy B 2017"]
[Site "Klatovy CZE"]
[Date "2017.07.04"]
[Round "4.35"]
[White "Stross, Frantisek 1952"]
[Black "Filip, Petr 1952"]
[Result "1-0"]
[WhiteElo "1631"]
[BlackElo "1372"]
[PlyCount "116"]
[EventDate "2017.07.01"]
[EventType "swiss"]
[EventRounds "9"]
[EventCountry "CZE"]

1. e4 e5 2. Nf3 Nf6 3. Nc3 Nc6 4. Bc4 h6 5. d4 exd4 6. Nxd4 Ne5 7. Bb3 Bb4 8. Qe2 Bxc3+ 9. bxc3 a6 10. f4 Ng6 11. f5 Ne5 12. Bf4 d6 13. O-O-O b5 14. Bxe5 dxe5 15. Ne6 Qe7 16. Rd8+ Qxd8 17. Nxd8 Kxd8 18. Bxf7 Bb7 19. Rd1+ Ke7 20. Bd5 c6 21. Be6 a5 22. Qe3 Rhd8 23. Qb6 Rxd1+ 24. Kxd1 Rd8+ 25. Ke2 Bc8 26. Qc7+ Bd7 27. Bxd7 Rxd7 28. Qxc6 Rd6 29. Qc7+ Rd7 30. Qxe5+ Kd8 31. Kf3 Re7 32. Qb8+ Kd7 33. Qxb5+ Kd6 34. Qxa5 Nxe4 35. Qb4+ Nc5 36. a4 Rb7 37. Qf4+ Kc6 38. f6 gxf6 39. Qxf6+ Kc7 40. Qxh6 Ra7 41. Qf4+ Kc6 42. Qf6+ Kc7 43. Qf7+ Nd7 44. g4 Ra5 45. g5 Re5 46. Qg7 Kd6 47. h4 Re7 48. Qd4+ Ke6 49. a5 Ne5+ 50. Kg3 Rd7 51. Qb6+ Rd6 52. Qb3+ Ke7 53. h5 Nf7 54. g6 Nh6 55. Qb7+ Rd7 56. Qb4+ Rd6 57. a6 Kd7 58. a7 Nf5+ 1-0

[Event "25th Klatovy B 2017"]
[Site "Klatovy CZE"]
[Date "2017.07.04"]
[Round "4.36"]
[White "Sedlacek, Pavel"]
[Black "Nagyova, Daniela"]
[Result "1-0"]
[WhiteElo "1580"]
[BlackElo "1164"]
[PlyCount "139"]
[EventDate "2017.07.01"]
[EventType "swiss"]
[EventRounds "9"]
[EventCountry "CZE"]

1. c4 e5 2. Nc3 Nc6 3. d3 d6 4. e4 Nd4 5. Be3 c6 6. Nge2 Ne6 7. g3 Ne7 8. Bg2 g6 9. O-O f5 10. f4 Bh6 11. Kh1 Nc7 12. Qd2 Bg7 13. d4 Be6 14. b3 Qd7 15. d5 Bf7 16. dxc6 Nxc6 17. Rad1 O-O-O 18. a4 h5 19. Nb5 Nxb5 20. axb5 Nb8 21. Bxa7 h4 22. Bb6 Rdg8 23. Qxd6 Qxd6 24. Rxd6 hxg3 25. h3 fxe4 26. Be3 Kc7 27. Rfd1 Rd8 28. Rxd8 Rxd8 29. Rxd8 Kxd8 30. Nxg3 exf4 31. Bxf4 Nd7 32. Nxe4 b6 33. Nd6 Be6 34. Kh2 Bf6 35. Ne4 Bg7 36. Bg5+ Kc7 37. Bf4+ Kd8 38. Ng5 Bg8 39. Be4 Be5 40. Kg3 Ke7 41. Bxg6 Kf6 42. Bd3 Nc5 43. Bxe5+ Kxe5 44. Bc2 Kd4 45. h4 Kc3 46. Bh7 Bxh7 47. Nxh7 Kxb3 48. h5 Kxc4 49. Nf6 Nd3 50. Nd7 Kxb5 51. h6 Kc6 52. Nxb6 Ne5 53. Nc4 Nf7 54. h7 Kc7 55. Kg4 Kd8 56. Kf5 Ke7 57. Kg6 Kf8 58. Kf6 Nh8 59. Ne5 Ke8 60. Kg7 Nf7 61. Nxf7 Kd7 62. h8=Q Ke6 63. Qe8+ Kf5 64. Qe5+ Kg4 65. Qf6 Kh5 66. Qg6+ Kh4 67. Ne5 Kh3 68. Qg4+ Kh2 69. Nf3+ Kh1 70. Qg1# 1-0

[Event "25th Klatovy B 2017"]
[Site "Klatovy CZE"]
[Date "2017.07.04"]
[Round "4.37"]
[White "Dolejs, Jakub"]
[Black "Svejdar, Pavel"]
[Result "0-1"]
[WhiteElo "1442"]
[BlackElo "1581"]
[PlyCount "70"]
[EventDate "2017.07.01"]
[EventType "swiss"]
[EventRounds "9"]
[EventCountry "CZE"]

1. d4 d5 2. c4 e6 3. Nc3 Nf6 4. Bg5 Be7 5. e3 Nbd7 6. Bd3 dxc4 7. Bxc4 c6 8. Qc2 b5 9. Bd3 Bb7 10. Nf3 h6 11. Bh4 O-O 12. Be2 a6 13. O-O c5 14. dxc5 Bxc5 15. Rfd1 Qc8 16. Rac1 Be7 17. Ne1 Ne5 18. Nd3 Qc6 19. f3 Ng6 20. Bxf6 Bxf6 21. Ne4 Qb6 22. Nxf6+ gxf6 23. Qc5 Qa5 24. a3 Rac8 25. Qa7 Rxc1 26. Rxc1 Bd5 27. Nb4 Ra8 28. Qd4 Kg7 29. Nxd5 exd5 30. Qxd5 Rd8 31. b4 Qxa3 32. Qxd8 Qxe3+ 33. Kf1 Qxc1+ 34. Kf2 Qb2 35. Qa5 Nf4 0-1

[Event "25th Klatovy B 2017"]
[Site "Klatovy CZE"]
[Date "2017.07.04"]
[Round "4.38"]
[White "Kadlec, Rudolf"]
[Black "Roskovec, Bedrich"]
[Result "0-1"]
[WhiteElo "1436"]
[BlackElo "1585"]
[PlyCount "42"]
[EventDate "2017.07.01"]
[EventType "swiss"]
[EventRounds "9"]
[EventCountry "CZE"]

1. e4 e6 2. Nc3 d5 3. Nf3 Nf6 4. e5 Nfd7 5. d4 c5 6. Bb5 a6 7. Bxd7+ Bxd7 8. a3 Nc6 9. Be3 cxd4 10. Nxd4 Nxe5 11. O-O Bd6 12. Bf4 Qc7 13. Kh1 Rc8 14. Re1 O-O 15. Nf3 Nc4 16. Bxd6 Qxd6 17. b3 Nxa3 18. Ne4 Qe7 19. Ra2 dxe4 20. Nd4 Nb5 21. Rxe4 Nc3 0-1

[Event "25th Klatovy B 2017"]
[Site "Klatovy CZE"]
[Date "2017.07.04"]
[Round "4.39"]
[White "Sedlak, Jakub"]
[Black "Velkoborsky, Tadeas"]
[Result "1-0"]
[WhiteElo "1495"]
[BlackElo "1100"]
[PlyCount "121"]
[EventDate "2017.07.01"]
[EventType "swiss"]
[EventRounds "9"]
[EventCountry "CZE"]

1. e4 c5 2. Nf3 g6 3. d4 e6 4. Nc3 Nf6 5. Bg5 Bg7 6. e5 cxd4 7. exf6 Bxf6 8. Bxf6 Qxf6 9. Qxd4 Qxd4 10. Nxd4 Nc6 11. Nxc6 dxc6 12. Bc4 O-O 13. O-O b5 14. Be2 e5 15. Rad1 Bf5 16. Bd3 Bxd3 17. Rxd3 Rad8 18. Rfd1 Rxd3 19. Rxd3 b4 20. Na4 Re8 21. Rd7 Ra8 22. Kf1 Kf8 23. Rc7 Rd8 24. Ke2 Rd4 25. f3 Rf4 26. c3 bxc3 27. Nxc3 a5 28. Ra7 Rb4 29. b3 Rh4 30. h3 Rd4 31. Rxa5 f6 32. Rc5 Rd6 33. Ne4 Re6 34. Nd2 f5 35. Nc4 e4 36. fxe4 Rxe4+ 37. Kf3 Re6 38. Na5 Rd6 39. Nxc6 Rd3+ 40. Ke2 Rd6 41. Nb4 Re6+ 42. Kf2 Re4 43. Rc4 Re7 44. a4 Ra7 45. Rc5 Ke7 46. Nc6+ Kd6 47. Nxa7 Kxc5 48. Nb5 Kb4 49. Kf3 Kxb3 50. a5 Kb4 51. a6 Kxb5 52. a7 Kc5 53. a8=Q Kd6 54. Qe8 Kc7 55. Qe6 Kd8 56. Qf7 Kc8 57. Kf4 Kb8 58. Ke5 Kc8 59. Kd6 Kb8 60. Kc6 Ka8 61. Qb7# 1-0

[Event "25th Klatovy B 2017"]
[Site "Klatovy CZE"]
[Date "2017.07.04"]
[Round "4.40"]
[White "Veverkova, Dorota"]
[Black "Kotal, Vit"]
[Result "0-1"]
[WhiteElo "1240"]
[BlackElo "1388"]
[PlyCount "116"]
[EventDate "2017.07.01"]
[EventType "swiss"]
[EventRounds "9"]
[EventCountry "CZE"]

1. e4 c5 2. Nf3 Nc6 3. d4 cxd4 4. Nxd4 g6 5. Nc3 Bg7 6. Be3 Nf6 7. Bc4 O-O 8. Qd2 Ng4 9. O-O-O Nxe3 10. fxe3 Na5 11. Bd5 e6 12. Bb3 a6 13. g4 Qc7 14. h4 h6 15. Nce2 b6 16. Nf4 Bb7 17. Qd3 e5 18. Nxg6 exd4 19. Nxf8 Rxf8 20. exd4 Qf4+ 21. Qd2 Qxe4 22. Qh2 Qe3+ 23. Qd2 Qxd2+ 24. Kxd2 Bxh1 25. Rxh1 Bxd4 26. Kc1 Nxb3+ 27. axb3 d6 28. g5 hxg5 29. hxg5 Be3+ 30. Kd1 Bxg5 31. Ke2 Kg7 32. Kd3 Rc8 33. c4 Rc5 34. b4 Re5 35. Ra1 a5 36. bxa5 Rxa5 37. Rxa5 bxa5 38. b3 Kf6 39. Ke4 Ke6 40. Kf3 Ke5 41. Kg4 f6 42. Kf3 Kd4 43. Ke2 Kc3 44. c5 dxc5 45. Kd1 Kxb3 46. Ke1 a4 47. Kf2 a3 48. Kg3 a2 49. Kg4 a1=Q 50. Kh5 Bc1 51. Kg6 Qe5 52. Kf7 Kc4 53. Kg6 Kd5 54. Kf7 Kd6 55. Kg6 Ke7 56. Kg7 Qg5+ 57. Kh7 Kf7 58. Kh8 Qh6# 0-1

[Event "25th Klatovy B 2017"]
[Site "Klatovy CZE"]
[Date "2017.07.04"]
[Round "4.41"]
[White "Stanke, Vilem"]
[Black "Novy, Jan"]
[Result "1-0"]
[WhiteElo "1334"]
[BlackElo "1563"]
[PlyCount "65"]
[EventDate "2017.07.01"]
[EventType "swiss"]
[EventRounds "9"]
[EventCountry "CZE"]

1. e4 d5 2. exd5 Nf6 3. Nf3 Nxd5 4. d4 c6 5. c4 Nf6 6. Nc3 g6 7. Be3 Bg7 8. h3 O-O 9. Qd2 Re8 10. Bh6 Bh8 11. Be2 Nbd7 12. O-O b6 13. Rad1 Bb7 14. Rfe1 a6 15. a4 a5 16. Be3 Bg7 17. d5 cxd5 18. cxd5 Rc8 19. d6 e6 20. Nb5 Nd5 21. Bh6 Qf6 22. Bxg7 Qxg7 23. Nbd4 e5 24. Nb5 h6 25. Rc1 Rc5 26. Nc7 Rf8 27. Rxc5 Nxc5 28. Nxd5 Rd8 29. Bc4 Rxd6 30. Ne7+ Kf8 31. Qxd6 Ne4 32. Rxe4 Qh8 33. Nxg6+ 1-0

[Event "25th Klatovy B 2017"]
[Site "Klatovy CZE"]
[Date "2017.07.04"]
[Round "4.42"]
[White "Vilimek, Vit"]
[Black "Kudrna, Miroslav"]
[Result "1-0"]
[WhiteElo "1276"]
[BlackElo "1569"]
[PlyCount "43"]
[EventDate "2017.07.01"]
[EventType "swiss"]
[EventRounds "9"]
[EventCountry "CZE"]

1. e4 e6 2. d4 d5 3. exd5 exd5 4. c4 Nf6 5. Nc3 Bb4 6. Qa4+ Nc6 7. Bd2 dxc4 8. Bxc4 Qxd4 9. Qb3 O-O 10. Nf3 Qd6 11. O-O Bg4 12. Ng5 Qxd2 13. Nxf7 Rxf7 14. Bxf7+ Kh8 15. h3 Bxh3 16. gxh3 Qf4 17. Ne2 Qe5 18. Ng3 Qf4 19. a3 Bd6 20. Qxb7 Rb8 21. Qxc6 Nh5 22. Bxh5 1-0

[Event "25th Klatovy B 2017"]
[Site "Klatovy CZE"]
[Date "2017.07.04"]
[Round "4.43"]
[White "Palla, Ivan"]
[Black "Pozar, Pavel"]
[Result "1-0"]
[WhiteElo "1552"]
[BlackElo "1000"]
[PlyCount "42"]
[EventDate "2017.07.01"]
[EventType "swiss"]
[EventRounds "9"]
[EventCountry "CZE"]

1. Nf3 e6 2. g3 b6 3. Bg2 c6 4. O-O Bd6 5. b3 f5 6. Bb2 Nf6 7. e3 Nh5 8. Na3 e5 9. Nc4 Qf6 10. Nxd6+ Qxd6 11. Bxe5 Qg6 12. Bb2 Ba6 13. Re1 c5 14. Ne5 Qg5 15. Bxa8 f4 16. Qg4 Qh6 17. exf4 d6 18. Nc6+ Kf7 19. Nxb8 Rxb8 20. Qd7+ Kf8 21. Bd5 Bc8 1-0

[Event "25th Klatovy B 2017"]
[Site "Klatovy CZE"]
[Date "2017.07.04"]
[Round "4.44"]
[White "Zilava, Anezka"]
[Black "Jedlicka, Pavel"]
[Result "1-0"]
[WhiteElo "1245"]
[BlackElo "1525"]
[PlyCount "111"]
[EventDate "2017.07.01"]
[EventType "swiss"]
[EventRounds "9"]
[EventCountry "CZE"]

1. e4 Nf6 2. Nc3 d5 3. exd5 Nxd5 4. Bc4 c6 5. Qf3 e6 6. d4 Bb4 7. Bd2 O-O 8. Nge2 Qb6 9. O-O Nxc3 10. bxc3 Bd6 11. Qg4 e5 12. Qe4 Qc7 13. Bd3 f5 14. Bc4+ Kh8 15. Qh4 b5 16. dxe5 Be7 17. Qh3 f4 18. Be6 Qxe5 19. Bxc8 Qxe2 20. Bf5 h6 21. Bxf4 Rxf5 22. Qxf5 Qc4 23. Rfe1 Qxc3 24. Rad1 Qf6 25. Qc8+ Kh7 26. Bxb8 Bd6 27. Rxd6 Qxd6 28. Qf5+ Qg6 29. Qxg6+ Kxg6 30. Be5 b4 31. f4 Rd8 32. g4 Rd2 33. f5+ Kf7 34. Rb1 c5 35. c3 a5 36. cxb4 axb4 37. Rc1 Rd5 38. Bc7 Ke7 39. Bg3 Kd7 40. Kg2 Kc6 41. Kh3 Kb5 42. Kh4 c4 43. Kh5 c3 44. Kg6 Rd7 45. Be5 Kc4 46. Bxg7 Rd2 47. Bxh6 Rxa2 48. f6 Ra6 49. Kg7 b3 50. f7 Ra7 51. Kg8 Ra8+ 52. f8=Q Rxf8+ 53. Kxf8 b2 54. Rb1 c2 55. Rxb2 c1=Q 56. Bxc1 1-0

[Event "25th Klatovy B 2017"]
[Site "Klatovy CZE"]
[Date "2017.07.04"]
[Round "4.45"]
[White "Vavrinkova, Marie"]
[Black "Bauer, Jan 2005"]
[Result "1/2-1/2"]
[WhiteElo "1130"]
[BlackElo "1432"]
[PlyCount "86"]
[EventDate "2017.07.01"]
[EventType "swiss"]
[EventRounds "9"]
[EventCountry "CZE"]

1. e4 e5 2. Nf3 Nc6 3. Bb5 a6 4. Ba4 b5 5. Bb3 Be7 6. O-O Nf6 7. d3 O-O 8. c3 d5 9. Nbd2 Bg4 10. h3 Bh5 11. exd5 Nxd5 12. Ne4 Kh8 13. Ng3 Bg6 14. d4 exd4 15. Nxd4 Na5 16. Nc6 Nxc6 17. Qxd5 Na5 18. Bf4 Nxb3 19. Qxb3 c5 20. Rad1 Qb6 21. Rd7 Rfe8 22. Qd5 Rad8 23. Rd1 Rxd7 24. Qxd7 Rd8 25. Qg4 Rxd1+ 26. Qxd1 Qd8 27. Qxd8+ Bxd8 28. Kf1 Kg8 29. Ke2 Kf8 30. Bd6+ Be7 31. Bxe7+ Kxe7 32. Ke3 Ke6 33. Ne2 a5 34. Nf4+ Ke5 35. a3 b4 36. axb4 axb4 37. cxb4 cxb4 38. Nxg6+ hxg6 39. f4+ Kd5 40. Kd3 f6 41. g3 g5 42. fxg5 fxg5 43. b3 g6 1/2-1/2

[Event "25th Klatovy B 2017"]
[Site "Klatovy CZE"]
[Date "2017.07.04"]
[Round "4.46"]
[White "Kalista, Frantisek"]
[Black "Lukes, Martin 2001"]
[Result "0-1"]
[WhiteElo "1000"]
[BlackElo "1474"]
[PlyCount "84"]
[EventDate "2017.07.01"]
[EventType "swiss"]
[EventRounds "9"]
[EventCountry "CZE"]

1. d4 Nf6 2. c4 g6 3. e3 Bg7 4. Nf3 O-O 5. Be2 d6 6. O-O Nbd7 7. Nc3 Nh5 8. b3 e5 9. Bb2 f5 10. dxe5 dxe5 11. e4 f4 12. Re1 h6 13. Rc1 g5 14. Nd2 Nhf6 15. Nd5 Ne8 16. Ba3 Nd6 17. Bh5 Nf6 18. Nxf6+ Qxf6 19. Bg4 Rd8 20. Bxd6 Qxd6 21. Bxc8 Raxc8 22. Rc2 Rd7 23. Qc1 Rcd8 24. Re2 Qb4 25. Qb2 Bf8 26. a3 Qxa3 27. Qxa3 Bxa3 28. h3 Rd3 29. Kh2 Bb4 30. Nf3 Rxb3 31. Nxe5 Bd6 32. Nf3 b6 33. e5 Bc5 34. Ra2 a5 35. e6 Bd6 36. e7 Re8 37. h4 g4 38. Ne5 Rxe7 39. Rad2 f3 40. Re3 Rxe3 41. fxe3 Rxe5 42. gxf3 Rd5+ 0-1